| 000 | 01186njm a2200289Ia 4500 | ||
|---|---|---|---|
| 001 | H5992 | ||
| 003 | IT-RoPAU | ||
| 005 | 20220918181200.0 | ||
| 008 | 131025s9999 xx 000 0 und d | ||
| 040 | _aIT-RoPAU | ||
| 040 | _cIT-RoPAU | ||
| 041 | _aITALIANO | ||
| 999 |
_c102932 _d102932 |
||
| 999 | _bn.d. | ||
| 100 |
_aCorelli Arcangelo _98874 |
||
| 100 |
_eAutore musica _914319 |
||
| 100 |
_gCodice autore musica SPICS: 7993 _98876 |
||
| 245 | _aLettere di San Paolo - 2 | ||
| 250 | _a1a ed. | ||
| 260 | _aMILANO | ||
| 260 |
_bMULTIMEDIA SAN PAOLO _c2005 [1a Ed.:2005 - Ed. Lingua Orig.: 2005] |
||
| 300 | _aCOMPACT DISC | ||
| 500 | _aParlato. Religioso. lettura dei testi tratti dalla Bibbia, Nuovissima versione dai testi originali (Edizioni San Paolo). | ||
| 505 | _a1 (4) Cd: Lettera agli Efesini; Lettera ai Filippesi; Lettera ai Colossesi - 2 (5) Cd: Prima lettera ai Tessalonicesi; Seconda lettera ai Tessalonicesi; Prima lettera a Timoteo; Seconda lettera a Timoteo; Lettera a Tito; Lettera a Filemone - 3 (6) Cd: Lettera agli Ebrei. | ||
| 511 | _aVoce recitante: Riccardo Cucciolla | ||
| 650 |
_aPARLATO/RELIGIO [COMPACT DISC] _eCodice MATERIA SPICS: 9949 _914320 |
||
| 942 |
_cCD _2ddc |
||